| 000 | 00988nas a2200325 4500 | ||
|---|---|---|---|
| 001 | BR2013006273 | ||
| 003 | BR-BrBNA | ||
| 005 | 20231205122743.0 | ||
| 007 | ta | ||
| 008 | 230509b bl.|||p| |||| 00| 00por d | ||
| 040 |
_aBR-BrBNA _bpor _cBiblioteca Nacional de Agricultura |
||
| 041 | _a(En) | ||
| 072 | _aH10 | ||
| 100 | 1 | _aFrancini, R.B. | |
| 100 | 1 | _aDuarte, M. | |
| 100 | 1 | _aMielke, O.H.H. | |
| 100 | 1 | _aCaldas, A. | |
| 100 | 1 | _aFreitas, A.V.L. | |
| 245 | 1 | _aButterflies (Lepidoptera, Papilionoidea and Hesperioidea)of the "Baixada Santista" region, coastal São Paulo, southeastern Brazil | |
| 650 | _aBORBOLETA | ||
| 650 | _aLEPIDOPTERO | ||
| 650 | _aREGISTRO | ||
| 650 | _aARMADILHA | ||
| 650 | _aBIODIVERSIDADE | ||
| 650 | _aTAXONOMIA | ||
| 650 | _aSÃO PAULO | ||
| 773 | 0 |
_tRevista Brasileira de Entomologia (Brazil) _xISSN 0085-5626 _g(Jan-Mar 2011), v. 55(1) p. 55-68 _wBR2013006273 |
|
| 909 |
_a202311 _bLúcia _c55 _dLúcia Elande |
||
| 942 |
_2AGRIS _n0 _cANA |
||
| 999 |
_c230371 _d230371 |
||